000 00373nam a2200169Ia 4500
008 180424s9999 xx 000 0 und d
084 _aT7 P31:2
100 _a"Puviarasu, "
245 0 _aIdhuthaan
250 _a\\200300TAMGPCX
260 _aNCBH
260 _b2003
260 _cMadras
300 _a98p.
500 _aincludes index and biblioraphy
942 _cBK
999 _c72887
_d72887